| 000 | 00342nam a2200097Ia 4500 | ||
|---|---|---|---|
| 082 | _aEJF HORS | ||
| 245 | 0 | _aDeracialisation and migration of learners in South African schools : challenges and implications | |
| 100 |
_a Sekete, Patience Pretoria, South Africa, 2001 _942098 |
||
| 942 | _cBK | ||
| 008 | 210817s9999 xx 000 0 und d | ||
| 999 |
_c294787 _d294786 |
||